000
00278nam a22001097a 4500
003
OSt
008
250123b |||||||| |||| 00| 0 eng d
041
_a
eng
100
_a
Bharat Singh
_9
5867
245
_a
Text Book of Social Engineering for Final Year Diploma Students
942
_c
BK
999
_c
19110
_d
19110